[Event "18th Graz Open"]
[Site "Graz AUT"]
[Date "2011.09.01"]
[Round "6"]
[White "Horvath,Re"]
[Black "Spalir,J"]
[Result "1/2-1/2"]
[WhiteElo "1968"]
[BlackElo "2155"]

1.Nf3 d5 2.g3 c5 3.Bg2 Nc6 4.d4 Nf6 5.O-O Bg4 6.Ne5 cxd4 7.Nxg4 Nxg4 8.e3 Nf6
9.exd4 e6 10.Bf4 Be7 11.c3 O-O 12.Nd2 b5 13.b4 a5 14.a3 a4 15.Bg5 Nd7 16.Bxe7 Nxe7
17.Nf3 Rc8 18.Qd3 Qb6 19.Rfe1 Nf5 20.Bh3 Nd6 21.Ng5 Nf6 22.Nxe6 fxe6 23.Bxe6+ Kh8
24.Bxc8 Rxc8 25.f3 Qc6 26.Re3 Nc4 27.Re7 Re8 28.Qe2 h6 29.Re1 Rxe7 30.Qxe7 Qc8
31.Qc5 Qxc5 32.bxc5 Kg8 33.Re7 Kf8 34.Rb7 Nxa3 35.c6 Ke8 36.Rxg7 Kd8 37.Rb7 Nc4
38.Rxb5 Kc7 39.Rb7+ Kxc6 40.Ra7 a3 41.g4 Kb6 42.Ra4 Kb5 43.Rb4+ Ka5 44.Rb1 Nd2
45.Rb8 Nxf3+ 46.Kf2 Nxh2 47.Ra8+ Kb5 48.Rxa3 Nhxg4+ 49.Kg3 Kc4 50.Kf4 Nf2
51.Ra6 N2e4 52.Rc6+ Kd3 53.Ke5 h5 54.Rc8 Nd7+ 55.Ke6 Nef6 56.Rh8 Ke4 57.Rh6 Kd3
58.Rxh5 Ke4  1/2-1/2

[Event "FIDE World Cup 2011"]
[Site "Khanty-Mansiysk RUS"]
[Date "2011.09.01"]
[Round "2.2"]
[White "Grischuk,A"]
[Black "Feller,S"]
[Result "1/2-1/2"]
[WhiteElo "2746"]
[BlackElo "2666"]

1.Nf3 d5 2.g3 g6 3.Bg2 Bg7 4.O-O e5 5.c4 dxc4 6.Na3 Nc6 7.Nxc4 Nge7 8.d3 O-O
9.Bd2 Be6 10.Rc1 a5 11.Qa4 b6 12.Bc3 f6 13.a3  1/2-1/2

[Event "10th Izmir Open"]
[Site "Izmir TUR"]
[Date "2011.09.02"]
[Round "2"]
[White "Apaydin,F"]
[Black "Baykondu,Berkay"]
[Result "1-0"]
[WhiteElo "2227"]
[BlackElo "1732"]

1.Nf3 d5 2.g3 Nf6 3.Bg2 e6 4.O-O Bd6 5.d3 h6 6.Nbd2 O-O 7.e4 dxe4 8.dxe4 e5
9.Nc4 Nc6 10.Nxd6 cxd6 11.Re1 Be6 12.b3 Qc7 13.c4 Nd7 14.Nh4 Ne7 15.f4 f5
16.exf5 Nxf5 17.Nxf5 Bxf5 18.Qd5+ Kh8 19.Qxb7 Qxb7 20.Bxb7 Rab8 21.Bg2 Nc5
22.Ba3 Nd3 23.Bxd6 Nxe1 24.Rxe1 e4 25.Kf2 g5 26.Bxb8 Rxb8 27.fxg5 Rf8 28.gxh6 Kh7
29.Ke3 Kxh6 30.Rf1 Kg7 31.Bxe4  1-0

[Event "TCh-SRB Premier Men"]
[Site "Valjevo SRB"]
[Date "2011.09.02"]
[Round "7.3"]
[White "Markus,Rob"]
[Black "Mastrovasilis,D"]
[Result "1/2-1/2"]
[WhiteElo "2652"]
[BlackElo "2604"]

1.Nf3 d5 2.g3 c6 3.Bg2 Bg4 4.O-O Nd7 5.d3 Ngf6 6.Qe1 e5 7.e4 dxe4 8.dxe4 Be7
9.Nbd2 O-O 10.h3 Bh5 11.Nh4 Re8 12.Nc4 b5 13.Na5 Qc7 14.Nf5 Bf8 15.a4 Nc5
16.axb5 cxb5 17.f3 Nfd7 18.Ne3 Nb6 19.Rf2 a6 20.Bf1 Red8 21.Kg2 f6 22.b4 Nb7
23.Nxb7 Qxb7 24.c4 bxc4 25.Nxc4 Nxc4 26.Bxc4+  1/2-1/2

[Event "133rd ch-New York State"]
[Site "Colonie USA"]
[Date "2011.09.03"]
[Round "2"]
[White "Wisbauer,R"]
[Black "Nikolayev,I"]
[Result "0-1"]
[WhiteElo "2090"]
[BlackElo "2344"]

1.Nf3 d5 2.g3 Nc6 3.d4 Bf5 4.Bg2 Nf6 5.a3 e6 6.b4 Bd6 7.Bb2 O-O 8.Nbd2 a5
9.b5 Na7 10.a4 c6 11.bxc6 Nxc6 12.O-O Qb6 13.Rb1 Nb4 14.Ne1 Qc6 15.e4 Nxe4
16.Nxe4 Bxe4 17.Bxe4 dxe4 18.c3 Nd5 19.Qe2 Nb6 20.Qb5 Nxa4 21.Qxc6 bxc6 22.Ba1 Rab8
23.Nc2 Nb6 24.Ne3 Nd5 25.c4 Nxe3 26.fxe3 Rxb1 27.Rxb1 Rb8 28.Rxb8+ Bxb8 29.Bc3 Bc7
30.Kf2 h5 31.h3 f5 32.g4 fxg4 33.hxg4 hxg4 34.Kg2 Kf7 35.Be1 Ke7 36.Bc3 Kd7
37.Be1 Kc8 38.Bc3 Kb7 39.Be1 Ka6 40.Bc3 Bd6 41.c5 Bc7 42.d5 exd5 43.Bxg7 Kb5
44.Bd4 a4  0-1

[Event "18th Graz Open"]
[Site "Graz AUT"]
[Date "2011.09.03"]
[Round "8"]
[White "Moser,E"]
[Black "Diermair,A"]
[Result "1-0"]
[WhiteElo "2432"]
[BlackElo "2432"]

1.Nf3 d5 2.g3 c6 3.Bg2 Bg4 4.c4 e6 5.cxd5 exd5 6.h3 Bh5 7.O-O Nd7 8.d3 Ngf6
9.e4 Nc5 10.Nc3 Be7 11.Qe2 Ne6 12.g4 Bg6 13.Ne5 dxe4 14.dxe4 Qc7 15.f4 O-O-O
16.Be3 Bc5 17.Bxc5 Nxc5 18.Qe3 Qe7 19.b4 Ne6 20.Qxa7 Qxb4 21.Rab1 Qc5+ 22.Qxc5 Nxc5
23.f5 Rhe8 24.Nf3 Rd3 25.Rbc1 Ncxe4 26.Nxe4 Nxe4 27.fxg6 hxg6 28.Rfe1 Re6
29.Rcd1 Ra3 30.Nd4 Nc3 31.Nxe6 Nxd1 32.Rxd1 fxe6 33.Rd2 Kc7 34.h4 Rg3 35.Rd4 Ra3
36.Rd2 Rg3 37.g5 Rg4 38.Rf2 Rxh4 39.Rf7+ Kd6 40.Rxb7 Rg4 41.Rb6 Kc5 42.Rxc6+ Kb4
43.Rxe6 Rxg5 44.Re2 Ka3 45.Kh2 Rc5 46.Bh3 g5 47.Be6  1-0

[Event "VII Ugra Governor's Cup"]
[Site "Khanty-Mansiysk RUS"]
[Date "2011.09.03"]
[Round "4"]
[White "Brygov,I"]
[Black "Zhabagin,Majdan"]
[Result "1/2-1/2"]
[WhiteElo "1930"]
[BlackElo "1747"]

1.Nf3 d5 2.g3 Nc6 3.d4 e6 4.Bg2 Nf6 5.Bg5 Bd6 6.Nc3 a6 7.O-O h6 8.Bxf6 Qxf6
9.e4 dxe4 10.Nxe4 Qd8 11.d5 exd5 12.Qxd5 Be6 13.Nxd6+ Qxd6 14.Qxd6 cxd6 15.Rfd1 Ke7
16.Rd2 Rac8 17.Rad1 Rhd8 18.a4 b6 19.Bf1 a5 20.Ba6 Rc7 21.c3 g6 22.h4 Nb8
23.Bb5 Nc6 24.Re1 Kf6 25.Re3 Bf5 26.Kg2 Be6 27.Red3 Ke7 28.g4 Bxg4 29.Bxc6 Rxc6
30.Ne5 Bd7 31.Nxc6+ Bxc6+ 32.Kg3 Bxa4 33.b4 Bc6 34.Rb2 axb4 35.Rxb4 b5 36.Re3+ Kf8
37.h5 g5 38.f4 f6 39.Rd4 Kf7 40.f5 d5 41.Rd1 Re8 42.Rxe8 Kxe8 43.Re1+ Kf7
44.Kg4 Bd7 45.Ra1 Ke7 46.Ra6 Bc8 47.Rb6 Bd7  1/2-1/2

[Event "10th Sunny Beach Open"]
[Site "Sunny Beach BUL"]
[Date "2011.09.03"]
[Round "8.65"]
[White "Lao,L"]
[Black "Paldus,P"]
[Result "1-0"]
[WhiteElo "1882"]
[BlackElo "2051"]

1.Nf3 d5 2.g3 c5 3.Bg2 Nc6 4.O-O e5 5.d3 Nf6 6.Nbd2 Be7 7.e4 dxe4 8.dxe4 O-O
9.c3 Bg4 10.Qe2 Qd7 11.Nc4 Rfd8 12.Bg5 Qe6 13.Bxf6 Bxf6 14.Ne3 Bh5 15.Nd5 Rd7
16.h3 Ne7 17.g4 Bg6 18.g5 Nxd5 19.exd5 Rxd5 20.gxf6 Bd3 21.Qe3 Bxf1 22.Ng5 Rd3
23.Qe4 Qxf6 24.Qxh7+ Kf8 25.Kxf1 Rad8 26.Qxd3 Rxd3 27.Nh7+ Ke7 28.Nxf6 Kxf6
29.Ke2 Rd6 30.Rd1 Rb6 31.b3 Ke6 32.Bd5+ Ke7 33.Rg1 g6 34.Ke3 f5 35.f4 e4
36.a4 Rd6 37.Rd1 Rd8 38.Rd2 Rh8 39.Rh2 Rd8 40.Bc4 Rd1 41.h4 Rg1 42.Rh3 Kf6
43.Bd5 Rd1 44.Bc4 Rc1 45.Kd2 Rg1 46.Be2 Rb1 47.Bd1 c4 48.bxc4 Rb6 49.h5 Rd6+
50.Kc2 g5 51.h6 Rd8 52.h7 Rh8 53.Rh6+ Kg7 54.fxg5 Rxh7 55.Rxh7+ Kxh7 56.Bh5 b6
57.Kd2 f4 58.Ke2 Kg7 59.Be8 Kf8 60.Bc6 e3 61.Be4 Ke7 62.Kf3 Ke6 63.Bd3 Ke5
64.g6  1-0

[Event "Yuzhny Open"]
[Site "Yuzhny UKR"]
[Date "2011.09.03"]
[Round "1.25"]
[White "Dzupin,D"]
[Black "Gavriliuk,A"]
[Result "1/2-1/2"]
[WhiteElo "2230"]
[BlackElo "1864"]

1.Nf3 d5 2.g3 Nf6 3.Bg2 c5 4.c4 d4 5.d3 Nc6 6.e3 dxe3 7.Bxe3 e6 8.Nc3 Be7
9.O-O O-O 10.d4 cxd4 11.Nxd4 Nxd4 12.Qxd4 Qxd4 13.Bxd4 a6 14.c5 e5 15.Bxe5 Bxc5
16.Bxf6 gxf6 17.Rfd1 Rb8 18.Rac1 Bg4 19.Rd5 Rfc8 20.Rc2 Be6 21.Rh5 Bg4 22.Rh4 Bf5
23.Rd2 Kg7 24.Rd5 Bg6 25.Bh3 Rc7 26.Bf5 b5 27.Kg2 Be7 28.Re4 b4 29.Ne2 b3
30.axb3 Rxb3 31.Bxg6 hxg6  1/2-1/2

[Event "FIDE World Cup 2011"]
[Site "Khanty-Mansiysk RUS"]
[Date "2011.09.04"]
[Round "3.2"]
[White "Vitiugov,N"]
[Black "Potkin,V"]
[Result "1/2-1/2"]
[WhiteElo "2733"]
[BlackElo "2682"]

1.Nf3 d5 2.g3 Nf6 3.Bg2 c6 4.d3 Bg4 5.Nbd2 e6 6.h3 Bxf3 7.Bxf3 Be7 8.O-O O-O
9.e4 a5 10.Bg2 a4 11.a3 Nbd7 12.Qe2 dxe4 13.dxe4 e5 14.Rd1 Qc7 15.b4 axb3
16.cxb3 Nc5 17.Bb2 Rfd8 18.Nc4 Nfd7 19.Qc2 Ne6 20.b4 b5 21.Ne3 Nb6 22.h4 Na4
23.Rxd8+ Rxd8 24.Bh3 Nxb2 25.Bxe6 fxe6 26.Qxb2 c5 27.Rc1 c4 28.Rd1 Rxd1+
29.Nxd1 Qd7 30.Nc3 Bd8 31.Qc2 Bb6 32.a4 bxa4 33.Qxa4 Qc8 34.Qc2 Bd4 35.Qb2 Qb7
36.Kf1 h6 37.f3 Qb6 38.Kg2 Kf7 39.Kf1 Ke8 40.Qa3 Kf7 41.Ne2 Qc7 42.Nc3 Qb6
43.Ne2 Qc7 44.Nc3  1/2-1/2

[Event "13th Trieste Open"]
[Site "Trieste ITA"]
[Date "2011.09.04"]
[Round "2"]
[White "Erdos,V"]
[Black "Oparin,G"]
[Result "1-0"]
[WhiteElo "2608"]
[BlackElo "2413"]

1.Nf3 d5 2.g3 Nf6 3.Bg2 c6 4.c4 dxc4 5.O-O h6 6.Na3 Be6 7.Qc2 g6 8.Nxc4 Bg7
9.b3 O-O 10.Bb2 Nbd7 11.Rfd1 Rc8 12.Rac1 b5 13.Nce5 c5 14.d4 c4 15.bxc4 bxc4
16.e4 Nxe5 17.Nxe5 Nd7 18.Nxd7 Bxd7 19.Bc3 Qc7 20.d5 Bxc3 21.Qxc3 Qc5 22.Rd4 Bb5
23.e5 Rfd8 24.h4 h5 25.Rcd1 a5 26.g4 hxg4 27.h5 gxh5 28.Qe3 f6 29.Qh6 fxe5
30.Be4 Rd6 31.Bh7+ Kf7 32.Qxh5+ Kf8 33.Rxg4  1-0

[Event "Yuzhny Open"]
[Site "Yuzhny UKR"]
[Date "2011.09.04"]
[Round "2.33"]
[White "Neschetny,V"]
[Black "Zhecheva,O"]
[Result "1-0"]
[WhiteElo "2123"]
[BlackElo "1838"]

1.Nf3 d5 2.g3 Nf6 3.Bg2 g6 4.c4 Bg7 5.cxd5 Nxd5 6.d4 O-O 7.O-O c6 8.e4 Nf6
9.Nc3 Be6 10.h3 Na6 11.Be3 Nc7 12.Qe2 a6 13.a4 b5 14.Ne5 Qe8 15.g4 Nd7 16.Nxd7 Bc4
17.Qc2 Bxf1 18.Nxf8 Bxg2 19.Kxg2 Kxf8 20.Ne2 Qd7 21.Rc1 bxa4 22.Qxa4 Nb5
23.f3 e5 24.dxe5 Bxe5 25.f4 Bf6 26.Rd1 Qe6 27.Kf3 Kg8 28.e5 Be7 29.Ng3 c5
30.Ne4 Qc6 31.Qc4 Rc8 32.Rc1 Qb7 33.Kg3 Rd8 34.Bxc5 Bxc5 35.Nxc5 Qc6 36.Ne4 Qb6
37.Re1 Nd4 38.Nd6 Ne6 39.f5 gxf5 40.gxf5 Rxd6 41.exd6 Qxd6+ 42.Kg4 Nf8 43.Rg1 Kh8
44.Qc3+ f6 45.Re1 Kg7 46.Qg3 Qd4+ 47.Kh5+ Kh8 48.Re7 Qd1+ 49.Kh4 Qd4+ 50.Qg4 Qf2+
51.Kh5 Ng6 52.Re4 Ne5 53.Qf4 Qg2 54.h4 Qxb2 55.Qh6 Kg8 56.Qxf6 Qc3 57.Qxe5 Qf3+
58.Rg4+  1-0

[Event "ch-POR Final"]
[Site "Amadora POR"]
[Date "2011.09.05"]
[Round "3"]
[White "Neves,P"]
[Black "Padeiro,J"]
[Result "1/2-1/2"]
[WhiteElo "2218"]
[BlackElo "2301"]

1.Nf3 d5 2.g3 Nc6 3.d4 Bg4 4.Bg2 Nf6 5.Ne5 Bf5 6.c4 e6 7.Nxc6 bxc6 8.Qa4 Qd7
9.Nc3 Be7 10.O-O h6 11.Bf4 O-O 12.cxd5 exd5 13.Be5 Rfe8 14.Rac1 Bd8 15.Nd1 Ng4
16.Qxc6 Qxc6 17.Rxc6 Nxe5 18.dxe5 Rxe5 19.Ne3 Bd7 20.Rc5 c6 21.Rc2 Bb6 22.Nd1 Rc8
23.e3 Bf5 24.Rd2 Ba5 25.Nc3 Re7 26.Rc1 Rb8 27.b3 Bb4 28.Bf1 Rbe8 29.Bd3 Bh3
30.Bf1 Ba3 31.Rcd1 Bg4 32.Be2 Bf5 33.Bd3 Bg4 34.Be2 Bc8 35.Na4 Bf5 36.Bd3 Bg4
37.Be2 Bf5  1/2-1/2

[Event "TCh-POL 1st League"]
[Site "Mrzezyno POL"]
[Date "2011.09.05"]
[Round "3"]
[White "Fraczek,Dan"]
[Black "Hnydiuk,A"]
[Result "1-0"]
[WhiteElo "2391"]
[BlackElo "2412"]

1.Nf3 d5 2.g3 Bg4 3.Bg2 Nd7 4.d4 e6 5.O-O c6 6.Nbd2 Ngf6 7.Re1 Be7 8.e4 O-O
9.e5 Ne8 10.c3 c5 11.dxc5 Nxc5 12.Nb3 Nxb3 13.Qxb3 Rb8 14.Be3 Qa5 15.a4 Bc5
16.Nd4 Nc7 17.Qc2 Bxd4 18.Bxd4 Bf5 19.Qd2 Ra8 20.Bf1 Na6 21.Qe3 Rfc8 22.Bxa7 Nc5
23.Bxc5 Qxc5 24.Qxc5 Rxc5 25.Bb5 f6 26.Rad1 Kf7 27.exf6 gxf6 28.f4 Bc2 29.Rd4 Be4
30.Rb4 e5 31.Bf1 Ra7 32.fxe5 fxe5 33.Kf2 Kf6 34.Ke3 Bc2 35.Bb5 Ke6 36.Rf1 Ra8
37.Kd2 Bg6 38.Be2 Rc7 39.Rb6+ Ke7 40.Rff6 Bf7 41.Rf5 Rxa4 42.Rxe5+ Kf8 43.Ke3 Ra1
44.h4 Rg1 45.Kf2 Rc1 46.Rb4 Kg7 47.Bd3 Rd1 48.Rg5+ Kf8 49.Be2 Rc1 50.Re5 Kg7
51.Bf3 Kf6 52.Re1 Rc2+ 53.Re2 Rc1 54.Rf4+ Kg7 55.Rd4 Rd7 56.Red2 Rd6 57.Rd1 Rxd1
58.Rxd1 Rb6 59.Rd2 Kf6 60.Re2 Ra6 61.Ke3 b6 62.Kd4 Ra4+ 63.b4 Ra1 64.Rd2 Re1
65.Rd3 Rg1 66.Bxd5 Bh5 67.Bf3 Bf7 68.Be4 h6 69.c4 Rc1 70.Bd5 Bh5 71.b5 Bg4
72.Bf3 Bf5 73.Ra3 Rc2 74.Ra6 Rd2+ 75.Ke3 Rd3+ 76.Kf2 Rd2+ 77.Ke3 Rd3+ 78.Ke2 Rd6
79.c5 Re6+ 80.Kd2  1-0

[Event "TCh-SRB Premier Men"]
[Site "Valjevo SRB"]
[Date "2011.09.05"]
[Round "10.1"]
[White "Vojinovic,G"]
[Black "Toth,Alek"]
[Result "1/2-1/2"]
[WhiteElo "2435"]
[BlackElo "2315"]

1.Nf3 d5 2.g3 c6 3.Bg2 Bg4 4.O-O Nd7 5.d3 e5 6.c4 dxc4 7.dxc4 Ngf6 8.Nc3 Be7
9.Qc2 h6 10.b3 O-O 11.Bb2 Qc7 12.Nh4 Rfe8 13.Rad1 Rad8 14.h3 Be6 15.Nf5 Bf8
16.g4 a5 17.Na4 Bxf5 18.Qxf5 e4 19.Bc1 Bd6 20.Rxd6 Qxd6 21.Qxa5 Ra8 22.Qf5 Qe5
23.Qxe5 Nxe5 24.Nc3 Ng6 25.a4 Nh4 26.Bh1 g5 27.Be3 Rad8 28.a5 Ng6 29.Rb1 Nf8
30.Bb6 Ra8 31.b4 N8d7 32.Bd4 Kh7 33.Na4 Kg6 34.Rd1 Ne5 35.Rc1 Rad8 36.Be3 Ned7
37.Nc3 Nb8 38.Kf1 Re5 39.Ke1 h5 40.gxh5+ Kxh5 41.Bb6 Rd7 42.e3 Na6 43.Rb1 c5
44.bxc5 Nxc5  1/2-1/2

[Event "10th Izmir Open"]
[Site "Izmir TUR"]
[Date "2011.09.06"]
[Round "7"]
[White "Bilyap,E"]
[Black "Bozbiyik,Tunca"]
[Result "1-0"]
[WhiteElo "2128"]
[BlackElo "1834"]

1.Nf3 d5 2.g3 Nf6 3.Bg2 e6 4.O-O Be7 5.d4 Nbd7 6.c4 dxc4 7.Nbd2 O-O 8.Nxc4 c5
9.Qc2 a6 10.Rd1 cxd4 11.Nxd4 Bc5 12.Nb3 Ba7 13.Bf4 Nh5 14.Bd6 Re8 15.e3 Bb8
16.Rac1 Nhf6 17.Bxb8 Rxb8 18.Nd6 Rf8 19.Nxc8 Rxc8 20.Qxc8 Qxc8 21.Rxc8 Rxc8
22.Bxb7 Rc2 23.Rd2 Rxd2 24.Nxd2 Nc5 25.Bf3 Nfd7 26.Be2 a5 27.Bb5 Nb6 28.Nc4 Nxc4
29.Bxc4 Kf8 30.Kf1 Ke7 31.b3 Kd6 32.f3 f6 33.Ke2 e5 34.Kd2 Nb7 35.Kc3 Kc5
36.a3 Nd6 37.b4+ axb4+ 38.axb4+ Kb6 39.Bd3 h6 40.Kd2 Kc6 41.e4 g5 42.Ke3 Nb5
43.h3 Nd4 44.f4 Kd6 45.fxg5 fxg5 46.h4 Kc6 47.Kf2 g4 48.Ke3 Kd6 49.Kd2 Nf3+
50.Kc3 Kc6 51.Be2 h5 52.Bxf3 gxf3 53.Kd3 Kb5 54.Ke3 Kxb4 55.Kxf3 Kc4 56.g4 hxg4+
57.Kxg4 Kd3 58.Kf5  1-0

[Event "FIDE World Cup 2011"]
[Site "Khanty-Mansiysk RUS"]
[Date "2011.09.06"]
[Round "4.1"]
[White "Radjabov,T"]
[Black "Jakovenko,D"]
[Result "1-0"]
[WhiteElo "2744"]
[BlackElo "2736"]

1.Nf3 d5 2.g3 Nf6 3.Bg2 g6 4.b3 Bg7 5.Bb2 O-O 6.c4 dxc4 7.bxc4 c5 8.O-O Nc6
9.d3 Bf5 10.Nc3 Qd7 11.Re1 Rac8 12.Rb1 b6 13.Nb5 Bh3 14.Bh1 Ne8 15.Bxg7 Nxg7
16.Ng5 Bg4 17.Qd2 h6 18.Ne4 Kh7 19.Nec3 f5 20.f3 Bh5 21.f4 e6 22.Bg2 Rfd8
23.Kh1 Qe7 24.Qe3 Ne8 25.h3 Nd6 26.Nxd6 Rxd6 27.Kh2 Rd7 28.Rg1 g5 29.g4 gxf4
30.Qxf4 Bg6 31.gxf5 exf5 32.Nd5 Qd6 33.Rbf1 Kh8 34.h4 Bh7 35.Bh3 Re8 36.e4 Nb4
37.Qxd6 Rxd6 38.Bxf5 Nxd5 39.cxd5 Bxf5 40.Rxf5 c4 41.Rf4 c3 42.Rf7 Rc8 43.Rgg7 Rdd8
44.Rh7+ Kg8 45.Rfg7+ Kf8 46.Rxa7 Kg8 47.Rag7+ Kf8 48.Rd7  1-0

[Event "DYTM Nazrin Shah Inv"]
[Site "Kuala Lumpur MAS"]
[Date "2011.09.06"]
[Round "4.2"]
[White "Vakhidov,T"]
[Black "Goh Weiming"]
[Result "1/2-1/2"]
[WhiteElo "2485"]
[BlackElo "2449"]

1.Nf3 d5 2.g3 c6 3.Bg2 Nf6 4.O-O Bg4 5.d4 e6 6.Nbd2 Be7 7.Re1 O-O 8.e4 Nxe4
9.Nxe4 dxe4 10.Rxe4 Bf5 11.Re1 Nd7 12.c3 Qb6 13.Qb3 a5 14.Qxb6 Nxb6 15.Ne5 h6
16.h3  1/2-1/2

[Event "TCh-SRB Premier Men"]
[Site "Valjevo SRB"]
[Date "2011.09.06"]
[Round "11.4"]
[White "Antic,De"]
[Black "Abramovic,B"]
[Result "1/2-1/2"]
[WhiteElo "2487"]
[BlackElo "2464"]

1.Nf3 d5 2.g3 Nf6 3.Bg2 c6 4.O-O Bf5 5.b3 e6 6.Bb2 Nbd7 7.d3 h6 8.Nbd2 Be7
9.c4 O-O 10.a3 a5 11.Qc2  1/2-1/2

[Event "Yuzhny Open"]
[Site "Yuzhny UKR"]
[Date "2011.09.06"]
[Round "6.14"]
[White "Reshetkov,K"]
[Black "Miljutin,O"]
[Result "0-1"]
[WhiteElo "2265"]
[BlackElo "2086"]

1.Nf3 d5 2.g3 Nf6 3.Bg2 c6 4.O-O Bf5 5.d3 h6 6.c4 dxc4 7.e4 Bg4 8.e5 Nfd7
9.e6 Bxe6 10.Nd4 Bd5 11.Bxd5 cxd5 12.dxc4 e5 13.cxd5 Bc5 14.Nf5 g6 15.b4 Bxb4
16.Qb3 Na6 17.Nxh6 Bf8 18.Ng4 Nac5 19.Qe3 f6 20.Nc3 Kf7 21.Qe2 Bd6 22.f4 Qe7
23.f5 g5 24.Rb1 Rae8 25.Be3 b6 26.Nb5 Ra8 27.h4 a6 28.Nxd6+ Qxd6 29.hxg5 fxg5
30.Qg2 Nf6 31.Nxf6 Kxf6 32.Qd2 Rag8 33.Qb4 Qxd5 34.Qxb6+ Kf7 35.Rf3 Rh1+
36.Kg2 Rxb1 37.Qxc5 Qxc5 38.Bxc5 Rc8 39.Bd6 Rc2+ 40.Kh3 Rh1+ 41.Kg4 Kf6 42.Re3 Rc4+
43.Kf3 g4+ 44.Kg2 Rhc1  0-1

[Event "9th Amantea Open"]
[Site "Amantea ITA"]
[Date "2011.09.07"]
[Round "4"]
[White "Schaefer,He"]
[Black "Mladenov,P"]
[Result "0-1"]
[WhiteElo "2083"]
[BlackElo "2371"]

1.Nf3 d5 2.g3 c6 3.Bg2 Nf6 4.O-O Bf5 5.d3 h6 6.Nbd2 e6 7.Qe1 Be7 8.e4 Bh7
9.Ne5 O-O 10.f4 Na6 11.Qe2 Nb4 12.Nb3 a5 13.a3 a4 14.axb4 axb3 15.Rxa8 Qxa8
16.c3 Qa6 17.Qf3 dxe4 18.dxe4 Bxe4 19.Qf2 Rd8 20.g4 Bxg2 21.Qxg2 Qb5 22.g5 hxg5
23.Qxg5 Qe2 24.Nf3 c5 25.f5 Rd5 26.Qg3 cxb4 27.Nd4 Bc5 28.fxe6 Qxe6 29.Be3 Qg4
30.Re1 bxc3 31.bxc3 Qxg3+ 32.hxg3 Ng4  0-1

[Event "10th Izmir Open"]
[Site "Izmir TUR"]
[Date "2011.09.07"]
[Round "8"]
[White "Odeev,H"]
[Black "Firat,B"]
[Result "0-1"]
[WhiteElo "2392"]
[BlackElo "2387"]

1.Nf3 d5 2.g3 c6 3.Bg2 Nf6 4.O-O Bf5 5.d3 e6 6.Nc3 h6 7.Nd2 Be7 8.e4 Bh7
9.f4 O-O 10.g4 Nbd7 11.Qe2 dxe4 12.dxe4 Nc5 13.Nb3 a5 14.Kh1 a4 15.Nxc5 Bxc5
16.a3 Qb6 17.e5 Nd5 18.Nxd5 exd5 19.f5 Rfe8 20.e6 fxe6 21.f6 gxf6 22.Rxf6 Qd8
23.Rxh6 e5 24.g5 Bf8 25.Rxh7 Kxh7 26.Qh5+ Kg8 27.g6 Qd7 28.Bg5 Qg7 29.Bh3 e4
30.Rf1 e3 31.Rxf8+ Kxf8 32.Bh6 e2 33.Bxg7+ Kxg7 34.Qh7+ Kf6 35.Qf7+ Kg5 36.Qf5+ Kh6
37.Qf4+ Kg7 38.Qf7+ Kh6 39.Qf4+ Kg7 40.Qd4+ Kg8  0-1

[Event "10th Izmir Open"]
[Site "Izmir TUR"]
[Date "2011.09.07"]
[Round "8"]
[White "Neverov,V"]
[Black "Ozturk,Ku"]
[Result "1-0"]
[WhiteElo "2508"]
[BlackElo "2260"]

1.Nf3 d5 2.g3 c5 3.Bg2 Nc6 4.d4 e6 5.O-O f5 6.c4 dxc4 7.Qa4 Bd7 8.Qxc4 b5
9.Qd3 Qb6 10.Be3 Rd8 11.a4 a6 12.axb5 axb5 13.Nc3 Nb4 14.dxc5 Bxc5 15.Bxc5 Qxc5
16.Qd4 Qe7 17.Qb6 Nf6 18.Ne5 O-O 19.Ra7 Nbd5 20.Qa6 Nb4 21.Qxb5 Bxb5 22.Rxe7 Nbd5
23.Rxe6 Nxc3 24.bxc3 Rfe8 25.Rxe8+ Rxe8 26.f4 Bxe2 27.Re1 Bc4 28.Ra1 Be6
29.c4 Kf8 30.Kf2 Rc8 31.Ra8 Ng4+ 32.Nxg4 Rxa8 33.Bxa8 fxg4 34.c5 Ke7 35.Ke3 Bd7
36.Kd4 Kf6 37.c6 Bf5 38.Bb7 h5 39.c7 g5 40.fxg5+  1-0

[Event "TCh-POL 1st League"]
[Site "Mrzezyno POL"]
[Date "2011.09.07"]
[Round "5"]
[White "Krysztofiak,M"]
[Black "Stysiak,S"]
[Result "1/2-1/2"]
[WhiteElo "2461"]
[BlackElo "2220"]

1.g3 d5 2.Nf3 Nf6 3.Bg2 c6 4.O-O g6 5.d3 Bg7 6.Nbd2 O-O 7.e4 dxe4 8.dxe4 Nbd7
9.Qe2 Nc5 10.e5 Nd5 11.Nb3 Nxb3 12.axb3 Qc7 13.h3 a5 14.Re1 b6 15.c3 Ba6
16.Qe4 e6 17.c4 Ne7 18.Bg5 c5 19.Qf4 Bb7 20.Bxe7 Qxe7 21.Ng5 Rad8 22.Bxb7 Qxb7
23.Rad1 Qc7 24.Nf3 Rd7 25.Qe4 Rfd8 26.Rxd7 Rxd7 27.Kg2 Qd8 28.Re3 Bh6 29.Rc3 Rd1
30.h4 Bf8  1/2-1/2

[Event "Yuzhny Open"]
[Site "Yuzhny UKR"]
[Date "2011.09.07"]
[Round "7.14"]
[White "Olenichev,D"]
[Black "Pen,L"]
[Result "1/2-1/2"]
[WhiteElo "2271"]
[BlackElo "2062"]

1.Nf3 d5 2.g3 Nf6 3.Bg2 e6 4.O-O Be7 5.d3 O-O 6.Nbd2 c5 7.e4 Nc6 8.Re1 Qc7
9.e5 Nd7 10.Qe2 b5 11.Nf1 a5 12.Bf4 Ba6 13.h4 b4 14.Ne3 Nb6 15.Ng4 c4 16.h5 Na4
17.h6 g6 18.b3 Nc3 19.Qd2 cxd3 20.cxd3 Bb7 21.Bg5 Rfc8 22.Qf4 Bf8 23.Nf6+ Kh8
24.Nxh7 Kxh7 25.Bf6 Bxh6 26.Ng5+ Kg8 27.Qh4 Kf8 28.Qxh6+ Ke8 29.Qg7 Nd4 30.Nf3 Nc2
31.Rac1 Nxe1 32.Nd4 Qc5 33.Nxe6 fxe6 34.Qxg6+ Kd7 35.Qf7+ Kc6 36.Qxe6+ Kb5
37.Rxe1 Nxa2 38.d4 Qc6 39.Qg4 Nc3 40.Be7 a4 41.bxa4+ Rxa4 42.e6 b3 43.Bf1+ Ka5
44.Qf3 Rc4 45.Bxc4 Qxc4 46.Ba3 Na4 47.e7 Bc6 48.Rc1 Qb5 49.Rb1 Rb8 50.Qf4 Rb7
51.Qd6 Nc3 52.Ra1 Na2 53.Re1 Be8 54.Qd8+ Ka4 55.Bc5 Bc6 56.e8=Q Bxe8 57.Qa8+ Qa5
58.Qxe8+ Rb5 59.Rb1 Qc3 60.Qa8+ Ra5 61.Qc6+ Rb5 62.Qa8+ Ra5 63.Qe8+ Rb5 64.Qa8+  1/2-1/2

[Event "VII Ugra Governor's Cup"]
[Site "Khanty-Mansiysk RUS"]
[Date "2011.09.08"]
[Round "9"]
[White "Limar,Dmitry"]
[Black "Seredov,D"]
[Result "0-1"]
[WhiteElo "1982"]
[BlackElo "2164"]

1.Nf3 d5 2.g3 Nf6 3.Bg2 c6 4.d3 Bf5 5.O-O h6 6.Nc3 e6 7.Re1 Bc5 8.Bf4 Bh7
9.d4 Be7 10.Ne5 Nbd7 11.e4 O-O 12.Nxd7 Nxd7 13.Qe2 Bb4 14.a3 Bxc3 15.bxc3 Nb6
16.Rab1 Qd7 17.f3 Nc4 18.Bc1 b5 19.Bf1 Rfe8 20.Qf2 Nb6 21.Bd3 Na4 22.Bd2 a6
23.e5 Rac8 24.g4 Qe7 25.f4 Bxd3 26.cxd3 f5 27.exf6 Qxf6 28.Re2 c5 29.Rbe1 Nb2
30.Qg3 cxd4 31.cxd4 Rc2 32.Qe3 Qg6 33.f5 Qxg4+ 34.Rg2 Qxf5 35.Qxh6 Qh7 36.Qg5 Rc7
37.Rxe6 Rf8 38.Rh6 Qf5 39.Qxf5 Rxf5 40.Rxa6 Nxd3 41.h4 Nf4 42.Bxf4 Rxf4 43.Rb6 Rc1+
44.Kh2 Rxh4+ 45.Kg3 Rxd4 46.Rxb5 Rc3+ 47.Kh2 Rxa3 48.Rb7 Rh4+ 49.Kg1 Ra1+
50.Kf2 Ra2+ 51.Kg3 Rxg2+ 52.Kxg2 Kh7 53.Kg3 Rd4 54.Kf3 Kg6  0-1

[Event "TCh-POL 1st League"]
[Site "Mrzezyno POL"]
[Date "2011.09.08"]
[Round "6"]
[White "Duch,M"]
[Black "Jaracz,P"]
[Result "1/2-1/2"]
[WhiteElo "2262"]
[BlackElo "2558"]

1.g3 d5 2.Nf3 g6 3.Bg2 Bg7 4.O-O e5 5.c4 dxc4 6.Qa4+ Nd7 7.Qxc4 Ne7 8.d3 O-O
9.Nc3 Nb6 10.Qc5 Nc6 11.Bg5 f6 12.Be3 f5 13.Rad1 f4 14.Bc1 Bg4 15.h3 Bxf3
16.Bxf3 fxg3 17.Bxc6 gxf2+ 18.Rxf2 Rxf2 19.Qxf2 bxc6 20.Ne4 Nd5 21.Rf1 Qd7
22.Qg3 Nf4 23.Bxf4 exf4 24.Qxf4 Qxh3 25.Ng5 Qd7 26.b3 Re8 27.Ne4 Re5 28.Rf3 Qe7
29.Kg2 h6 30.Qg4 Kh7 31.Rg3 Qf7 32.Rf3 Qe8 33.Kf2 a5 34.Kg2 c5 35.a4 Qe7
36.Kf2 h5 37.Qh3 Rd5 38.Kg2 Bd4 39.Qc8 Bg7 40.Qh3 Kh6 41.Qc8 Kh7 42.Qh3 Qe8
43.Qg3  1/2-1/2

[Event "8th LGA Premium Cup"]
[Site "Nuernberg GER"]
[Date "2011.09.08"]
[Round "1.45"]
[White "Troyke,C"]
[Black "Laschenko,S"]
[Result "1-0"]
[WhiteElo "2361"]
[BlackElo "2032"]

1.g3 d5 2.Nf3 Nf6 3.Bg2 e6 4.O-O Be7 5.c4 O-O 6.d4 c5 7.cxd5 Nxd5 8.e4 Nf6
9.Nc3 Na6 10.h3 h6 11.Be3 Re8 12.Rc1 Qa5 13.Qe2 Bf8 14.Rfd1 cxd4 15.Nxd4 e5
16.Nb3 Qb4 17.Nd5 Nxd5 18.exd5 Qd6 19.Nd2 Qd8 20.Nc4 f5 21.Qh5 Nb8 22.d6 Nc6
23.Bd5+ Be6 24.Bxe6+ Rxe6 25.Qxf5 Rf6 26.Qe4 Qd7 27.b4 b5 28.Na5 Nxa5 29.Qxa8 Nc4
30.Bc5  1-0

[Event "8th LGA Premium Cup"]
[Site "Nuernberg GER"]
[Date "2011.09.08"]
[Round "1.24"]
[White "Hirschinger,T"]
[Black "Pezerovic,E"]
[Result "1/2-1/2"]
[WhiteElo "2101"]
[BlackElo "2455"]

1.Nf3 d5 2.g3 Nf6 3.Bg2 c6 4.O-O Bf5 5.d4 e6 6.c4 Nbd7 7.Nbd2 h6 8.b3 Be7
9.Bb2 O-O 10.Ne5 Ne4 11.Nd3 Qa5 12.Nxe4 dxe4 13.Ne1 Rfd8 14.Nc2 e5 15.Qe1 Qc7
16.Ne3 Bg6 17.Rd1 a5 18.Bc3 exd4 19.Bxd4 Bb4 20.Bc3 Qb6 21.Bxb4 axb4 22.Rd2 Nf6
23.Bh3 c5 24.Bf5 Bxf5 25.Nxf5 Qa6 26.Rxd8+ Rxd8 27.Qa1 Qe6 28.Ne3 Rd2 29.Re1 Ng4
30.Nxg4 Qxg4 31.Qe5 Rxe2 32.Rxe2 Qxe2 33.Qe8+ Kh7 34.Qxf7 h5 35.Qf5+ g6 36.Qxc5 Qd1+
37.Kg2 Qf3+ 38.Kg1 Qd1+ 39.Kg2 Qf3+  1/2-1/2

[Event "InventiChess GM"]
[Site "Antwerp BEL"]
[Date "2011.09.09"]
[Round "7.1"]
[White "Timman,J"]
[Black "Michiels,B"]
[Result "1/2-1/2"]
[WhiteElo "2555"]
[BlackElo "2501"]

1.Nf3 d5 2.g3 c6 3.Bg2 Nf6 4.c4 Bf5 5.cxd5 cxd5 6.Qb3 Qb6 7.Qxb6 axb6 8.Nc3 Nc6
9.d3 e6 10.Nb5 Bb4+ 11.Bd2 Ke7 12.Nfd4 Bxd2+ 13.Kxd2 Bg6 14.f4 h6 15.Rhc1 Rhc8
16.a3 Ne8 17.Rc3 Nd6 18.Nxd6 Kxd6 19.Nb5+ Ke7 20.b4 f6 21.Rac1 Rd8 22.Kc2 Rab8
23.Kb2 Be8 24.Bh3 Bf7 25.e3 e5 26.fxe5 fxe5 27.d4 Be6 28.Bg2 Rf8 29.R1c2 e4
30.Rd2 Bd7 31.Nc7 Kd6 32.Nb5+ Ke7 33.Nc7 Kd6 34.Nb5+  1/2-1/2